000 00593nam a22001817a 4500
008 131016b xxu||||| |||| 00| 0 eng d
020 _a9-7893-5035-2267
082 _221 ed.
_a344.012596
_bKUM
100 _aKumar, H.L.
245 _aLaws relating to dismissal and retrenchment under labour laws /
_c H.L. Kumar
250 _a4 ed.
260 _aNew Delhil, India :
_bLaw Publishing co.
_c2012
300 _alxxvi, 376 P. ;
_c22 cm.
500 _aIncludes Index
650 _aUnemployment
650 _aLaws relating to dismissal and retrenchment under labour laws /
942 _2ddc
_cBK
999 _c5784
_d5784